[Event "24th ECC"]
[Site "Kallithea GRE"]
[Date "2008.10.18"]
[Round "2"]
[White "Dambacher,M"]
[Black "Ponomariov,R"]
[Result "1/2-1/2"]
[WhiteElo "2485"]
[BlackElo "2719"]

1.d4 g6 2.c4 Bg7 3.e4 d6 4.Nc3 Nf6 5.Nf3 O-O 6.Be2 e5 7.O-O Nc6 8.d5 Ne7
9.Ne1 Nd7 10.Be3 f5 11.f3 f4 12.Bf2 g5 13.Rc1 a6 14.Nd3 Rf6 15.c5 Rh6 16.cxd6 cxd6
17.a4 Qe8 18.Be1 Nf6 19.Nf2 Rg6 20.a5 Bd7 21.Nb1 h5 22.h3 g4 23.fxg4 hxg4
24.hxg4 Bh6 25.Rc7 Rc8 26.Rxc8 Nxc8 27.Nd2 f3 28.gxf3 Nh5 29.Nh3 Na7 30.Bf2 Nb5
31.Nb3 Rg7 32.Kg2 Qg6 33.Rh1 Rf7 34.Qd3 Bf4 35.Rg1 Rg7 36.Kf1 Bh2 37.Rg2 Nf4
38.Nxf4 Bxf4 39.Bg3 Bxg3 40.Rxg3 Qh6 41.Qd2 Qh4 42.Qe1 Rh7 43.Rg1 Qh6 44.Qd2 Qh4
45.Qe1 Qh6 46.Qd2  1/2-1/2

[Event "TCh-BEL 2008-9"]
[Site "Belgium BEL"]
[Date "2008.10.19"]
[Round "2"]
[White "Schlosser,P"]
[Black "Vandevoort,P"]
[Result "1-0"]
[WhiteElo "2567"]
[BlackElo "2389"]

1.d4 Nf6 2.c4 g6 3.Nc3 Bg7 4.e4 d6 5.Be2 O-O 6.Nf3 e5 7.O-O Nc6 8.d5 Ne7
9.b4 Nh5 10.g3 a5 11.Ba3 f5 12.c5 Nf6 13.cxd6 cxd6 14.Nd2 Nxe4 15.Ndxe4 fxe4
16.Nxe4 Bf5 17.Bf3 Qb6 18.bxa5 Rxa5 19.Rb1 Qa6 20.Be2 Qa7 21.Bxd6 Bxe4 22.Bxe7 Bxb1
23.Bxf8 Bxf8 24.d6 Bxa2 25.d7 Be7 26.d8=Q+ Bxd8 27.Qxd8+ Kg7 28.Rc1 Bf7 29.Rc8 Ra1+
30.Kg2 b6 31.Qh8+ Kh6 32.Qf8+ Kg5 33.h4+ Kf5 34.g4+  1-0

[Event "24th ECC"]
[Site "Kallithea GRE"]
[Date "2008.10.19"]
[Round "3"]
[White "Hammes,M"]
[Black "Lampen,T"]
[Result "1-0"]
[WhiteElo "2399"]
[BlackElo "2337"]

1.d4 Nf6 2.c4 g6 3.Nc3 Bg7 4.e4 d6 5.Be2 O-O 6.Nf3 e5 7.O-O Nc6 8.d5 Ne7
9.Nd2 a5 10.a3 Bd7 11.b3 Ne8 12.Rb1 f5 13.b4 axb4 14.axb4 Bh6 15.c5 Nf6 16.Nc4 Bxc1
17.Rxc1 Nxe4 18.Nxe4 fxe4 19.Nd2 Ba4 20.Qe1 e3 21.fxe3 dxc5 22.Rxf8+ Kxf8
23.e4 cxb4 24.Nc4 b3 25.Qc3 Nxd5 26.exd5 Qxd5 27.Nxe5 Rd8 28.Nf3 Rd7 29.Qb4+ c5
30.Qxa4 b2 31.Rb1 Qe6 32.Qf4+ Rf7 33.Qd2  1-0

[Event "24th ECC"]
[Site "Kallithea GRE"]
[Date "2008.10.19"]
[Round "3"]
[White "Polajzer,D"]
[Black "Frindt,K"]
[Result "1-0"]
[WhiteElo "2360"]
[BlackElo "2151"]

1.Nf3 Nf6 2.c4 g6 3.Nc3 Bg7 4.e4 d6 5.d4 O-O 6.Be2 e5 7.O-O Nc6 8.Be3 Nh5
9.g3 Bg4 10.d5 Ne7 11.c5 h6 12.Qd2 f5 13.Bxh6 fxe4 14.Nh4 Bxe2 15.Bxg7 Kxg7
16.Qxe2 Qd7 17.cxd6 cxd6 18.Nxe4 Nxd5 19.Rad1 Ndf4 20.Qe3 d5 21.f3 d4 22.Nf2 Qb5
23.Qe4 Ne2+ 24.Kg2 Rf6 25.Nd3 Nef4+ 26.gxf4 exf4 27.Qe7+ Kh6 28.Ne5 Re8 29.Ng4+ Kg5
30.Qh7 Re2+ 31.Kh3 Rd6 32.Qh6+  1-0

[Event "WYCC Boys U18"]
[Site "Vung Tau City VIE"]
[Date "2008.10.20"]
[Round "1"]
[White "Nestor,K"]
[Black "Guilleux,F"]
[Result "1/2-1/2"]
[WhiteElo "2087"]
[BlackElo "2396"]

1.d4 Nf6 2.Nf3 g6 3.c4 Bg7 4.Nc3 O-O 5.e4 d6 6.Be2 e5 7.O-O Nc6 8.dxe5 dxe5
9.Qxd8 Nxd8 10.Be3 Ne6 11.Rad1 Nf4 12.Rfe1 b6 13.Nxe5 Nxe2+ 14.Rxe2 Nxe4
15.Nxe4 Bxe5 16.Bh6 Bg7 17.Bxg7 Kxg7 18.Red2 h6 19.b3 Be6 20.f3 Rfe8 21.Kf2 a6
22.Nc3 Re7 23.Nd5 Bxd5 24.Rxd5 Rae8 25.R5d2  1/2-1/2

[Event "TCh-CHN Torch Real Estate Cup"]
[Site "Jiangsu Wuxi CHN"]
[Date "2008.10.21"]
[Round "9"]
[White "Shen Yang"]
[Black "Tan Zhongyi"]
[Result "0-1"]
[WhiteElo "2439"]
[BlackElo "2353"]

1.d4 Nf6 2.c4 g6 3.Nc3 Bg7 4.e4 d6 5.Nf3 O-O 6.Be2 e5 7.O-O Nc6 8.d5 Ne7
9.Nd2 a5 10.a3 Nd7 11.Rb1 f5 12.b4 Kh8 13.Qc2 Ng8 14.exf5 gxf5 15.f4 axb4
16.axb4 exf4 17.Nf3 Ne5 18.Bxf4 Bd7 19.Rbe1 Qf6 20.Nb1 Ne7 21.Kh1 N7g6 22.Bg5 Qf7
23.Nd4 f4 24.Bh5 Bf5 25.Qc3 c5 26.bxc5 dxc5 27.Ne6 Bxe6 28.dxe6 Qf5 29.e7 Rg8
30.h4 Nxh4 31.Bxh4 Qxh5 32.Qh3 f3 33.gxf3 Ra6 34.Re4 Rh6 35.Nd2 Re8 36.Kg2 Rxe7
37.Rfe1 Re8 38.Kf1 Rf8 39.Ke2 Ng6 40.Rh1 Nf4+  0-1

[Event "TCh-CHN Torch Real Estate Cup"]
[Site "Jiangsu Wuxi CHN"]
[Date "2008.10.21"]
[Round "9"]
[White "Zhao Xue"]
[Black "Ju Wenjun"]
[Result "1/2-1/2"]
[WhiteElo "2523"]
[BlackElo "2374"]

1.d4 Nf6 2.c4 g6 3.Nc3 Bg7 4.Nf3 O-O 5.e4 d6 6.Be2 e5 7.O-O Nc6 8.d5 Ne7
9.Nd2 a5 10.a3 Bd7 11.b3 c6 12.Bb2 Bh6 13.Kh1 c5 14.Nf3 Nh5 15.g3 f5 16.Nh4 Nf6
17.f3 fxe4 18.fxe4 Bh3 19.Ng2 Qd7 20.Bc1 Bxc1 21.Qxc1 Rf7 22.Qd2 Raf8 23.Kg1 Kg7
24.Rf2 Neg8 25.Raf1 Nh6 26.Qd3 Nhg4 27.Rf3 h5 28.Rb1 Nh7 29.Rxf7+ Rxf7 30.Rf1 Ng5
31.Rxf7+ Qxf7 32.Nd1 b6 33.Nh4 Qf6 34.Ng2 Qf7 35.Nh4 Qf6 36.Ng2 Qf7 37.Ne1 Qe7
38.Nf3 Nxf3+ 39.Bxf3 Qf7 40.Bg2 Bxg2 41.Kxg2 Nf6 42.Nf2 Qe7 43.Qf3 b5 44.Qc3 b4
45.Qa1 Qc7 46.h3 Qb6 47.Kf3 bxa3 48.Qxa3 Qb4 49.Qxb4 axb4 50.Nd1 Nd7 51.Ne3 Kf6
52.Ng2 Nb6 53.Ke3 Kg5 54.Ne1 Nd7 55.Nf3+ Kf6 56.Ne1 Kg5 57.Ng2 Kf6 58.Kf2 Nb6
59.Ke2 Nd7 60.Ne3 Ke7  1/2-1/2

[Event "24th ECC"]
[Site "Kallithea GRE"]
[Date "2008.10.21"]
[Round "5"]
[White "Kozul,Z"]
[Black "Gislason,G"]
[Result "1-0"]
[WhiteElo "2593"]
[BlackElo "2328"]

1.Nf3 Nf6 2.c4 g6 3.Nc3 Bg7 4.e4 d6 5.d4 O-O 6.Be2 e5 7.O-O Nc6 8.d5 Ne7
9.Ne1 Nd7 10.Nd3 f5 11.Bd2 Nf6 12.f3 f4 13.c5 g5 14.cxd6 cxd6 15.Nf2 h5 16.h3 Ng6
17.Qc2 Rf7 18.Rfc1 a6 19.a4 Bf8 20.a5 Bd7 21.Na4 Rc8 22.Qb3 Rxc1+ 23.Rxc1 g4
24.fxg4 hxg4 25.hxg4 Bxa4 26.Qxa4 Nh7 27.Bf3 Ng5 28.Qb3 Nh4 29.Kf1 Qf6 30.Rc8 Qh6
31.Bb4 Nxg2 32.Kxg2 Qh4 33.Kf1 Qg3 34.Ke2 Qh2 35.Be1 Rh7 36.Qb6 Nxf3 37.Kxf3 Rh3+
38.Ke2 Re3+ 39.Kd1 Qg1 40.Qb4 Qf1 41.Qd2 Qb5 42.g5 Kg7 43.Rc3 Rg3 44.Rxg3 fxg3
45.Ng4 Qa4+ 46.Ke2 Qxe4+ 47.Ne3 g2 48.Kf2 Be7 49.Nxg2 Kg6 50.Qd1 Bxg5 51.Bc3 Qc4
52.Qf3 e4 53.Qg4  1-0

[Event "WYCC Boys U16"]
[Site "Vung Tau City VIE"]
[Date "2008.10.21"]
[Round "2"]
[White "Kavinda,A"]
[Black "Pascua,H"]
[Result "1-0"]
[WhiteElo "1984"]
[BlackElo "2307"]

1.d4 Nf6 2.c4 g6 3.Nc3 Bg7 4.e4 d6 5.Be2 O-O 6.Nf3 e5 7.O-O Nc6 8.d5 Ne7
9.b4 Nh5 10.Re1 f5 11.Ng5 Nf6 12.Bf3 c6 13.Bb2 Ne8 14.Qb3 h6 15.Ne6 Bxe6
16.dxe6 a5 17.a3 fxe4 18.Nxe4 a4 19.Qc2 Qc8 20.c5 d5 21.Nd6 Qxe6 22.Nxb7 Ra7
23.Nd6 Nxd6 24.cxd6 Qxd6 25.Rac1 e4 26.Bd1 Bxb2 27.Qxb2 Qf6 28.Qxf6 Rxf6
29.f3 exf3 30.Bxf3 Nf5 31.Rxc6 Rxc6 32.Bxd5+ Kg7 33.Bxc6 Nd4 34.b5 Rc7 35.Re4 Nxc6
36.Rc4 Kf7 37.bxc6 Ke6 38.Rg4 g5 39.Rxa4 Rxc6 40.h4 gxh4 41.Rxh4 Kf5 42.Ra4 Rc2
43.Kh2 Kg5 44.Kh3 Rc3+ 45.g3 Rc2 46.Ra7 Rd2 47.a4 Rc2 48.a5 Ra2 49.Ra8 Ra4
50.a6 Kg6 51.g4 Kg5 52.a7 Ra3+ 53.Kg2 Kh4 54.g5 Ra2+ 55.Kf3 Ra3+ 56.Ke4 Ra4+
57.Kd3 Ra3+ 58.Kd2 Ra2+ 59.Kc3 hxg5 60.Rh8+ Kg3 61.a8=Q Rxa8 62.Rxa8 g4 63.Kd2 Kh2
64.Rg8 g3 65.Ke2  1-0

[Event "TCh-CHN Torch Real Estate Cup"]
[Site "Jiangsu Wuxi CHN"]
[Date "2008.10.22"]
[Round "10"]
[White "Inarkiev,E"]
[Black "Wan Yunguo"]
[Result "1-0"]
[WhiteElo "2684"]
[BlackElo "2494"]

1.d4 Nf6 2.c4 g6 3.Nc3 Bg7 4.e4 d6 5.Nf3 O-O 6.Be2 e5 7.O-O Nc6 8.d5 Ne7
9.Nd2 a5 10.a3 Nd7 11.Rb1 f5 12.b4 Kh8 13.Bf3 Nf6 14.Bb2 f4 15.c5 g5 16.h3 Ng6
17.Be2 Rg8 18.Nb5 Bf8 19.Rc1 Bd7 20.cxd6 Bxd6 21.Nxd6 cxd6 22.Nc4 g4 23.hxg4 Nxe4
24.Bd3 Nf6 25.Nxd6 Qf8 26.Nf5 Bxf5 27.Bxf5 Nh4 28.Be6 Qd6 29.Re1 Rg5 30.Rc4 Rf8
31.bxa5 h5 32.Qa1 Ng6 33.gxh5 Rxh5 34.Rb4 Nxd5 35.Qd1 Qxe6 36.Qxh5+ Kg8 37.Rxb7  1-0

[Event "24th ECC"]
[Site "Kallithea GRE"]
[Date "2008.10.22"]
[Round "6"]
[White "Wiersma,E"]
[Black "Hansen,TR"]
[Result "1/2-1/2"]
[WhiteElo "2414"]
[BlackElo "2436"]

1.d4 Nf6 2.c4 g6 3.Nc3 Bg7 4.e4 d6 5.Nf3 O-O 6.Be2 e5 7.O-O Nc6 8.d5 Ne7
9.Ne1 Nd7 10.Nd3 f5 11.Bd2 Kh8 12.Rc1 c5 13.f4 a6 14.a4 exf4 15.Bxf4 Ne5
16.Nxe5 Bxe5 17.Bxe5+ dxe5 18.Qd2 f4 19.a5 Nc6 20.Na4 Qd6 21.Bd1 Bd7 22.Nb6 Rad8
23.Nxd7 Rxd7 24.Ba4 Rdf7 25.Bxc6 bxc6 26.Qc3 cxd5 27.cxd5 Rc7 28.Qb3 g5 29.h3 Rg8  1/2-1/2

[Event "WYCC Girls U18"]
[Site "Vung Tau City VIE"]
[Date "2008.10.22"]
[Round "3"]
[White "Monhchuluun,C"]
[Black "Skinke,K"]
[Result "0-1"]
[WhiteElo "1969"]
[BlackElo "2186"]

1.d4 Nf6 2.c4 g6 3.Nc3 Bg7 4.Nf3 O-O 5.e4 d6 6.Be2 e5 7.O-O Nc6 8.d5 Ne7
9.Ne1 Nd7 10.Nd3 f5 11.Bd2 Nf6 12.f3 f4 13.c5 g5 14.cxd6 cxd6 15.Nf2 h5 16.h3 Kh8
17.Rc1 a6 18.b4 Rg8 19.Qb3 Bh6 20.Ncd1 Bd7 21.Nb2 b5 22.Rc2 Qb6 23.Kh1 Rg6
24.Nbd3 g4 25.hxg4 hxg4 26.Nc5 Nh5 27.Re1 dxc5 28.bxc5 Qf6 29.Nxg4 Bxg4 30.fxg4 Ng3+
31.Kg1 Nxe2+ 32.Rxe2 Rxg4 33.Rc3 Rag8 34.Be1 Qg5 35.Qb2 Ng6 36.Rh3 f3 37.Rxf3 Nf4
38.Ref2 Nxg2 39.Rxg2 Rxg2+  0-1

[Event "WYCC Girls U18"]
[Site "Vung Tau City VIE"]
[Date "2008.10.23"]
[Round "5"]
[White "Zhorzholiani,M"]
[Black "Skinke,K"]
[Result "1/2-1/2"]
[WhiteElo "2122"]
[BlackElo "2186"]

1.d4 Nf6 2.c4 g6 3.Nc3 Bg7 4.e4 d6 5.Nf3 O-O 6.Be2 e5 7.O-O Nc6 8.Be3 Bg4
9.dxe5 dxe5 10.Qb3 Nd4 11.Nxd4 exd4 12.Rad1 c5 13.Bg5 Qb8 14.Bxf6 Bxf6 15.Nd5 Bxe2
16.Nxf6+ Kg7 17.Nd7 Bxd1 18.Rxd1 Qc7 19.Nxf8 Rxf8 20.a3 Re8 21.f3 b6 22.Qa4 Re7
23.g3 Qe5 24.Qc2 Qg5 25.f4 Qg4 26.Kg2 Qe6 27.Re1 Qc6 28.Kf2 a6 29.a4 b5 30.axb5 axb5
31.b3 b4 32.e5 f6 33.exf6+ Qxf6 34.Rxe7+ Qxe7 35.Qd3 Qe6 36.Qf3 Qf5 37.Qe2 Kf7
38.Qf3 Qe6 39.Qb7+ Qe7 40.Qd5+ Kg7 41.Qf3 Qe6 42.g4 Kf6 43.Kg2 Qd7 44.Kf2 Kg7
45.Ke2 Qe6+ 46.Kd2 Qa6 47.Qd5 Qa2+ 48.Ke1 Qa1+ 49.Kf2 Qb2+ 50.Kf1 Qc1+ 51.Kf2  1/2-1/2

[Event "WYCC Boys U18"]
[Site "Vung Tau City VIE"]
[Date "2008.10.24"]
[Round "6"]
[White "Klimov,A"]
[Black "Pavlidis,Ana"]
[Result "1/2-1/2"]
[WhiteElo "2451"]
[BlackElo "2322"]

1.d4 Nf6 2.c4 g6 3.Nc3 Bg7 4.e4 O-O 5.Be2 d6 6.Nf3 e5 7.O-O Nc6 8.d5 Ne7
9.b4 Nh5 10.Re1 a5 11.bxa5 Rxa5 12.Nd2 Nf4 13.Bf1 c5 14.a4 Ra6 15.Ra3 Nh5
16.Nb5 Nf6 17.Bb2 Ne8 18.Qe2 h6 19.g3 f5 20.f4 exf4 21.Bxg7 Kxg7 22.e5 fxg3
23.hxg3 Ng8 24.e6 g5 25.Bg2 Ngf6 26.Nf1  1/2-1/2

[Event "WYCC Boys U18"]
[Site "Vung Tau City VIE"]
[Date "2008.10.24"]
[Round "6"]
[White "Schiendorfer,E"]
[Black "Guilleux,F"]
[Result "0-1"]
[WhiteElo "2240"]
[BlackElo "2396"]

1.d4 Nf6 2.c4 g6 3.Nc3 Bg7 4.e4 d6 5.Nf3 O-O 6.Be2 e5 7.O-O Nc6 8.d5 Ne7
9.b4 a5 10.Ba3 Nd7 11.bxa5 Rxa5 12.Bb4 Ra6 13.a4 Bh6 14.Ne1 f5 15.Ra3 Kh8
16.Bf3 Nf6 17.Nc2 g5 18.exf5 g4 19.Be2 Nxf5 20.c5 Ra8 21.cxd6 cxd6 22.Nb5 Qe7
23.Ne3 Nxe3 24.fxe3 Ne4 25.Rxf8+ Qxf8 26.Qf1 Bf5 27.Kh1 Rc8 28.Nc3 Ng3+ 29.hxg3 Bxe3
30.Bxg4 Bxg4 31.Qxf8+ Rxf8 32.Na2 Rf1+ 33.Kh2 Bg1+ 34.Kh1 Bd4+ 35.Kh2 Rf5  0-1

[Event "Open A"]
[Site "Le Touquet FRA"]
[Date "2008.10.27"]
[Round "3"]
[White "Bjarnason,O"]
[Black "Hoffmann,Ro"]
[Result "0-1"]
[WhiteElo "2262"]
[BlackElo "2011"]

1.d4 Nf6 2.c4 g6 3.Nc3 Bg7 4.e4 d6 5.Nf3 O-O 6.Be2 e5 7.O-O Nc6 8.d5 Ne7
9.b4 a5 10.Ba3 axb4 11.Bxb4 Nd7 12.Ne1 f5 13.Nd3 b6 14.a4 fxe4 15.Nxe4 Nc5
16.Ndxc5 bxc5 17.Bc3 Nf5 18.Bg4 Ba6 19.Qd3 Qh4 20.h3 Bc8 21.Bd2 h6 22.g3 Qe7
23.Bc3 Bd7 24.a5 h5 25.Bd1 Nd4 26.Kg2 Bf5 27.Ba4 Ra7 28.f3 h4 29.g4 Bxe4
30.Qxe4 Qg5 31.Bxd4 cxd4 32.Bc6 Qf4 33.Qxf4 exf4 34.a6 d3 35.Ra3 Rb8 36.Bb5 Bd4
37.Rxd3 Be3 38.Re1 Kf7 39.Rdxe3 fxe3 40.g5 c6 41.dxc6 Re7 42.f4 Rbe8 43.Re2 Rc7
44.Kf3 Rce7 45.Kg4 Rh8 46.c7 Rc8 47.Kxh4 Rcxc7 48.Kg4 Rc8 49.a7 Rxa7 50.Rxe3 Re7
51.Rd3 Ke6 52.Re3+ Kf7 53.Rd3 Ke6 54.h4 Ra7 55.Re3+ Kf7 56.Be8+ Kg7 57.Re6 Rxc4
58.Rxd6 Ra1 59.Rxg6+ Kf8 60.Bd7 Rg1+ 61.Kf5 Rf1 62.Rg8+ Ke7 63.Rg7+ Kf8 64.Rf7+ Kg8  0-1

[Event "WYCC Boys U18"]
[Site "Vung Tau City VIE"]
[Date "2008.10.28"]
[Round "9"]
[White "Klimov,A"]
[Black "Ponizil,C"]
[Result "1-0"]
[WhiteElo "2451"]
[BlackElo "2251"]

1.d4 Nf6 2.c4 g6 3.Nc3 Bg7 4.e4 d6 5.Nf3 O-O 6.Be2 e5 7.O-O Nc6 8.d5 Ne7
9.a4 a5 10.Ne1 Nd7 11.Nd3 f5 12.f3 Nc5 13.Nxc5 dxc5 14.Bg5 h6 15.Be3 b6 16.exf5 Nxf5
17.Bf2 Nd6 18.Bd3 Bf5 19.Qe2 Qd7 20.Ne4 Rae8 21.b3 Bf6 22.Rae1 Qg7 23.Bg3 Bd8
24.Qc2 h5 25.h3 Kh7 26.Bh2 Bd7 27.g4 Qh6 28.Re2 Kg7 29.Kg2 Bg5 30.Nxg5 Qxg5
31.Bg3 e4 32.Bxe4 Nxe4 33.Rxe4 Kg8 34.Kg1 c6 35.d6 Rxe4 36.Qxe4 Re8 37.Qf4 Qxf4
38.Bxf4 b5 39.Kf2 Be6 40.Rd1 Rd8 41.Rd3 Rf8 42.Bg5 bxc4 43.bxc4 Rf7 44.Be7 Bd7
45.Kg3 Rh7 46.Rb3  1-0

[Event "TCh-CHN Torch Real Estate Cup"]
[Site "Jiangsu Wuxi CHN"]
[Date "2008.10.29"]
[Round "11"]
[White "Tan Zhongyi"]
[Black "Ju Wenjun"]
[Result "1-0"]
[WhiteElo "2353"]
[BlackElo "2374"]

1.d4 Nf6 2.c4 g6 3.Nc3 Bg7 4.e4 d6 5.Nf3 O-O 6.Be2 e5 7.O-O Nc6 8.d5 Ne7
9.b4 Nh5 10.Re1 a5 11.bxa5 Rxa5 12.Nd2 Nf4 13.Bf1 c5 14.a4 Ra6 15.Ra3 Nh5
16.Nb5 Nf6 17.Bb2 Ne8 18.g3 f5 19.exf5 Nxf5 20.Ne4 h6 21.Bg2 Nf6 22.Nxf6+ Bxf6
23.Nc3 Bg7 24.Ne4 Bd7 25.Bc3 Qa8 26.a5 Nd4 27.Bxd4 exd4 28.Qd2 b5 29.cxb5 Bxb5
30.g4 Bc4 31.g5 Bxd5 32.gxh6 Be5 33.Qg5 Kh8 34.Nxc5 Bf6 35.Qxg6 Qd8 36.Nxa6 Rg8
37.Re8 Rxe8 38.Bxd5  1-0

[Event "WYCC Boys U16"]
[Site "Vung Tau City VIE"]
[Date "2008.10.29"]
[Round "10"]
[White "Kavinda,A"]
[Black "Nuri,Kam"]
[Result "1/2-1/2"]
[WhiteElo "1984"]
[BlackElo "2179"]

1.Nf3 Nf6 2.d4 g6 3.c4 Bg7 4.Nc3 d6 5.e4 O-O 6.Be2 e5 7.O-O Nc6 8.d5 Ne7
9.b4 Nh5 10.Re1 f5 11.Ng5 Nf6 12.Bf3 c6 13.Bb2 h6 14.Ne6 Bxe6 15.dxe6 fxe4
16.Nxe4 Nxe4 17.Rxe4 d5 18.cxd5 cxd5 19.Rxe5 Bxe5 20.Bxe5 Qb6 21.Bb2 Rf4
22.Qe1 Raf8 23.Qe5 R8f6 24.Qb8+ Kh7 25.Bxf6 Rxf6 26.Qe8 Qxe6 27.Kf1 Qf7 28.Qxf7+ Rxf7
29.Rd1 Rf5 30.Re1 Rf7 31.Rd1 Rf5 32.Rc1 Nc6 33.b5 Ne5 34.Rc7+ Rf7 35.Rxf7+ Nxf7
36.Bxd5 Nd6 37.a4 Kg7 38.Ke2 Kf6 39.Kd3 Ke5 40.Bb3 Ne4 41.f3 Nc5+ 42.Kc4 Ne6
43.Bc2 g5 44.b6 axb6 45.Be4 Nc5 46.Kb5 Kd6 47.Bc2 Kc7  1/2-1/2

[Event "WYCC Boys U16"]
[Site "Vung Tau City VIE"]
[Date "2008.10.30"]
[Round "11"]
[White "Binder,Mi"]
[Black "Skoda,M"]
[Result "1-0"]
[WhiteElo "2181"]
[BlackElo "2001"]

1.d4 Nf6 2.c4 g6 3.Nc3 Bg7 4.e4 d6 5.Nf3 O-O 6.Be2 e5 7.O-O Nc6 8.d5 Ne7
9.Nd2 Ne8 10.b4 f5 11.f3 f4 12.a4 g5 13.c5 Ng6 14.Ba3 h5 15.Nc4 Rf7 16.a5 Bf8
17.b5 Rg7 18.b6 cxb6 19.axb6 g4 20.fxg4 hxg4 21.g3 Qg5 22.bxa7 Rh7 23.Qd3 fxg3
24.hxg3 Nf4 25.Qd2 Qh5 26.Kf2 Qh2+ 27.Ke1 Qxg3+ 28.Kd1 Rxa7 29.cxd6 Nxd6
30.Nxe5 Nxe2 31.Qg5+ Rg7 32.Rxf8+  1-0

[Event "WYCC Girls U16"]
[Site "Vung Tau City VIE"]
[Date "2008.10.30"]
[Round "11"]
[White "Hejazipour,M"]
[Black "Trubitsyna,Y"]
[Result "0-1"]
[WhiteElo "2139"]
[BlackElo "1908"]

1.d4 Nf6 2.c4 g6 3.Nc3 Bg7 4.e4 d6 5.Nf3 O-O 6.Be2 e5 7.O-O Nc6 8.d5 Ne7
9.Nd2 Nd7 10.Rb1 f5 11.b4 f4 12.f3 g5 13.Nb3 Ng6 14.c5 Nf6 15.Bd2 Rf7 16.cxd6 cxd6
17.Be1 h5 18.Bf2 g4 19.Kh1 Bf8 20.Nb5 a6 21.Na7 g3 22.Bg1 gxh2 23.Bf2 Bd7
24.Na5 Qb8 25.b5 axb5 26.Bxb5 Rxa7 27.Bxd7 Rxa5 28.Be6 Kg7 29.Bxf7 Kxf7 30.Rb4 Be7
31.Qb3 Qa8 32.a4 h4 33.Kxh2 Nh5 34.Ra1 h3 35.gxh3 Bh4 36.Rxb7+ Kf6 37.Bxh4+ Nxh4
38.Rb6 Ra6 39.Qb4 Nxf3+ 40.Kh1 Ng3+ 41.Kg2 Nh4+ 42.Kh2 Rxb6 43.Qxb6 Nxe4
44.Ra3 Qg8 45.Qb2 f3  0-1

[Event "8th Rohde Open"]
[Site "Sautron FRA"]
[Date "2008.10.31"]
[Round "8"]
[White "Lalic,B"]
[Black "Vocaturo,D"]
[Result "1/2-1/2"]
[WhiteElo "2531"]
[BlackElo "2383"]

1.d4 Nf6 2.c4 g6 3.Nc3 Bg7 4.e4 d6 5.Nf3 O-O 6.Be2 e5 7.O-O Nc6 8.d5 Ne7
9.b4 Nh5 10.Re1 a5 11.bxa5 f5 12.a4 Rxa5 13.Ra3 Nf6 14.Bf1 fxe4 15.Nxe4 Nxe4
16.Rxe4 Bf5 17.Re1 Qd7 18.Bd2 Ra7 19.h3 h6 20.g4 Bxg4 21.hxg4 Qxg4+ 22.Bg2 Qxc4
23.Rc3 Qxa4 24.Qxa4 Rxa4 25.Rxc7 Nxd5 26.Rxb7  1/2-1/2

[Event "TCh-NED 2008-9"]
[Site "Netherlands NED"]
[Date "2008.11.01"]
[Round "2"]
[White "Van der Werf,M"]
[Black "Nijboer,F"]
[Result "1/2-1/2"]
[WhiteElo "2414"]
[BlackElo "2564"]

1.Nf3 Nf6 2.c4 g6 3.Nc3 Bg7 4.e4 d6 5.d4 O-O 6.Be2 e5 7.O-O Nc6 8.d5 Ne7
9.Ne1 Nd7 10.f3 f5 11.g4 a5 12.Rb1 Kh8 13.h4 Ng8 14.g5 f4 15.Kg2 Rf7 16.Rh1 Bf8
17.Nd3 h6 18.Qg1 Be7 19.Kf1 Kg7 20.Nb5 Kf8 21.Ke1 hxg5 22.hxg5 c6 23.Na7 cxd5
24.cxd5 Bxg5 25.b3 Rg7 26.Bf1 Be7 27.Bh3 Nc5 28.Nxc5 Bxh3 29.Nxb7 Qd7 30.Nc6 g5
31.Nxe7 Nxe7 32.Nxd6 Qxd6 33.Rxh3 g4 34.Rh8+ Ng8 35.fxg4 Qb4+ 36.Kd1 Qxe4
37.Qc5+ Kf7 38.Qc6 Qd3+ 39.Ke1 Qg3+ 40.Kd2 Qf2+ 41.Kc3 Qd4+ 42.Kc2 Qe4+ 43.Kb2 Qd4+
44.Kc2 Qe4+ 45.Kb2 Qd4+  1/2-1/2

[Event "21st Belgrade Trophy"]
[Site "Obrenovac SRB"]
[Date "2008.11.02"]
[Round "6"]
[White "Stefanovic,M"]
[Black "Mrsevic,M"]
[Result "1/2-1/2"]
[WhiteElo "1987"]
[BlackElo "2308"]

1.d4 Nf6 2.Nf3 d6 3.c4 g6 4.Nc3 Bg7 5.e4 O-O 6.Be2 e5 7.O-O Nc6 8.d5 Ne7
9.b4 Nh5 10.Re1 f5 11.Ng5 Nf4 12.Bxf4 exf4 13.Rc1 Bh6 14.h4 fxe4 15.Ncxe4 Nf5
16.Bg4 a5 17.b5 Kh8 18.Bxf5 Rxf5 19.c5 dxc5 20.Nxc5 Bxg5 21.hxg5 f3 22.Qd4+ Kg8
23.Ne4 Rxg5 24.Nf6+ Kf7 25.g3 Bd7 26.Nxh7 Rh5 27.d6 cxd6 28.Qxd6 Rxh7 29.Rc7 Kg8
30.Rd1 Qe8 31.Rxd7 Rxd7 32.Qxd7 Qxd7 33.Rxd7 Rc8 34.Kh2 Rc2 35.g4 Rxf2+ 36.Kg3 Rb2
37.Rxb7 f2 38.Kg2 a4 39.b6 a3 40.Ra7 Rxb6  1/2-1/2

[Event "Autumn"]
[Site "Nea Filadelfia GRE"]
[Date "2008.11.03"]
[Round "5"]
[White "Delithanasis,D"]
[Black "Vazelakis,D"]
[Result "1/2-1/2"]
[WhiteElo "2251"]
[BlackElo "2089"]

1.Nf3 Nf6 2.c4 g6 3.Nc3 Bg7 4.e4 d6 5.d4 O-O 6.Be2 e5 7.O-O Nc6 8.d5 Ne7
9.b4 a5 10.Ba3 axb4 11.Bxb4 Nd7 12.a4 h6 13.Nd2 f5 14.Nb3 Nf6 15.Bf3 g5 16.g3 g4
17.Bg2 f4 18.Re1 Ng6 19.c5 Rf7 20.cxd6 cxd6 21.Nb5 Bf8 22.Nd2 h5 23.Nc4 Ne8
24.a5 h4 25.Nb6 fxg3 26.fxg3 hxg3 27.hxg3 Bd7 28.Nxa8 Qxa8 29.Qd3 Qa6 30.Bf1 Rf3
31.Qc4 Rxg3+ 32.Kh2 Bxb5 33.Qxb5 Rh3+ 34.Kg1 Rg3+ 35.Kh2 Rh3+ 36.Kg1 Rg3+
37.Kh2  1/2-1/2

[Event "USCL KO 2008"]
[Site "ICC INT"]
[Date "2008.11.10"]
[Round "1"]
[White "Jones,Cr"]
[Black "Zenyuk,I"]
[Result "1-0"]
[WhiteElo "2283"]
[BlackElo "2237"]

1.Nf3 Nf6 2.c4 g6 3.Nc3 Bg7 4.e4 d6 5.d4 O-O 6.Be2 e5 7.O-O Nc6 8.d5 Ne7
9.Bg5 Nh5 10.Ne1 Nf4 11.Nd3 Nxe2+ 12.Qxe2 h6 13.Bd2 g5 14.b4 f5 15.f3 Ng6
16.c5 Nf4 17.Qe3 fxe4 18.fxe4 h5 19.Rf2 Bh6 20.Raf1 Bd7 21.b5 Qe7 22.c6 bxc6
23.bxc6 Bc8 24.a4 Ba6 25.Nb5 Rab8 26.Nxf4 exf4 27.Qd3 Bg7 28.g3 Bxb5 29.axb5 fxg3
30.Rxf8+ Rxf8 31.Rxf8+ Kxf8 32.hxg3 Qe5 33.Kg2 h4 34.gxh4 gxh4 35.Kh3 Bf6
36.Qf3 Qa1 37.Bg5 Ke7 38.Bxh4 Bxh4 39.Kxh4 Qb1 40.Qg4 Qh1+ 41.Kg5 Qc1+ 42.Kg6  1-0

[Event "38th Olympiad"]
[Site "Dresden GER"]
[Date "2008.11.13"]
[Round "1"]
[White "Andreasen,Jo"]
[Black "Rajapakse,R"]
[Result "0-1"]
[WhiteElo "2179"]
[BlackElo "1646"]

1.d4 Nf6 2.c4 g6 3.Nc3 Bg7 4.e4 d6 5.Nf3 O-O 6.Be2 e5 7.O-O Nc6 8.d5 Ne7
9.Ne1 Nd7 10.Nd3 f5 11.Bd2 Nf6 12.f3 f4 13.g4 fxg3 14.hxg3 Qd7 15.Nf2 h6
16.Kg2 g5 17.b4 a6 18.Qc1 Qe8 19.c5 Qg6 20.Rh1 Bd7 21.a4 Rf7 22.a5 Raf8 23.Rb1 g4
24.f4 exf4 25.gxf4 Nh5 26.f5 Bxf5 27.exf5 Nxf5 28.Nce4 Nfg3 29.Be3 Nxe4 30.Nxg4 Rf2+
31.Bxf2 Rxf2+ 32.Kg1 Rxe2 33.Rh4 Bf8 34.Ra1 Re1+ 35.Qxe1  0-1

[Event "38th Olympiad"]
[Site "Dresden GER"]
[Date "2008.11.15"]
[Round "3"]
[White "Muendle,K"]
[Black "Soto Paez,O"]
[Result "0-1"]
[WhiteElo "1928"]
[BlackElo "2396"]

1.d4 Nf6 2.Nf3 g6 3.c4 Bg7 4.Nc3 d6 5.e4 O-O 6.Be2 e5 7.O-O Nc6 8.d5 Ne7
9.Ne1 Nd7 10.Bg5 h6 11.Bh4 g5 12.Bg3 f5 13.f3 f4 14.Bf2 h5 15.Nd3 Nf6 16.h3 Ng6
17.b4 Rf7 18.c5 Bf8 19.Rc1 Rg7 20.cxd6 cxd6 21.Kh2 Nh8 22.Rh1 g4 23.Bh4 g3+
24.Kg1 Qb6+ 25.Kf1 Nh7 26.Na4 Qd4 27.Qb3 b5 28.Nab2 Bd7 29.Nxe5 Qc3  0-1

[Event "38th Olympiad"]
[Site "Dresden GER"]
[Date "2008.11.16"]
[Round "4"]
[White "Saeheng,B"]
[Black "Rimawi,B"]
[Result "1-0"]
[WhiteElo "2314"]
[BlackElo "2221"]

1.d4 Nf6 2.Nf3 g6 3.c4 Bg7 4.Nc3 O-O 5.e4 d6 6.Be2 e5 7.O-O Nc6 8.d5 Ne7
9.b4 Nh5 10.Re1 Nf4 11.Bf1 h6 12.Bxf4 exf4 13.Rc1 g5 14.e5 Ng6 15.exd6 cxd6
16.Nd4 a6 17.c5 Be5 18.Qd3 g4 19.Ne6 Bxe6 20.dxe6 Kg7 21.Ne4 d5 22.Nd6 Bxd6
23.cxd6 Qxd6 24.Qd4+ Kh7 25.exf7 Rxf7 26.Bd3 g3 27.Re5 gxf2+ 28.Kxf2 f3 29.g3 Qf6
30.Rxd5 Qxd4+ 31.Rxd4 Kg7 32.Rg4  1-0

[Event "38th Olympiad w"]
[Site "Dresden GER"]
[Date "2008.11.17"]
[Round "5"]
[White "Basta Sohair,F"]
[Black "Maeckelberg,M"]
[Result "1-0"]
[WhiteElo "2051"]
[BlackElo "1959"]

1.d4 Nf6 2.Nf3 g6 3.c4 Bg7 4.Nc3 O-O 5.e4 d6 6.Be2 e5 7.O-O Nc6 8.d5 Ne7
9.Be3 h6 10.Nd2 Nh7 11.c5 f5 12.f3 dxc5 13.Bxc5 b6 14.Be3 c6 15.Bc4 Kh8 16.dxc6 Nxc6
17.Bd5 Bb7 18.Rc1 Nf6 19.Bc4 Rc8 20.exf5 gxf5 21.Be6 Qd3 22.Nc4 Qxd1 23.Rfxd1 Rcd8
24.Bxf5 Ba6 25.Nd6 Ne8 26.Nxe8 Rfxe8 27.Bd7 Nd4 28.Bxe8 Rxe8 29.Kf2 Kh7 30.Ne4 Re7
31.Rc3 Bb5 32.Rdc1 Ne6 33.Nd6 Ba6 34.Rc6 Nf4 35.R1c2 Nd3+ 36.Kg1 Nf4 37.Rc7 Re6
38.Nf5 Rg6 39.Rxg7+ Rxg7 40.Nxg7 Kxg7 41.Rc7+ Kf6 42.Rxa7 Bd3 43.Bxf4 exf4
44.Kf2 Kg5 45.b4 b5 46.a4 bxa4 47.Rxa4 Kf6 48.Ra3 Bc4 49.Rc3 Bd5 50.b5 Ke6
51.Ke1 Ke5 52.b6  1-0

[Event "38th Olympiad"]
[Site "Dresden GER"]
[Date "2008.11.22"]
[Round "9"]
[White "Gilruth,P"]
[Black "Jones,Ri"]
[Result "1/2-1/2"]
[WhiteElo "2185"]
[BlackElo "2075"]

1.Nf3 Nf6 2.c4 g6 3.Nc3 Bg7 4.e4 d6 5.d4 O-O 6.Be2 e5 7.O-O Nc6 8.d5 Ne7
9.Be3 Ng4 10.Bg5 f5 11.Nd2 Bf6 12.Bxf6 Nxf6 13.f4 exf4 14.Rxf4 fxe4 15.Ndxe4 Nxe4
16.Rxf8+ Qxf8 17.Nxe4 Qg7 18.Qd2 Bf5 19.Bf3 Bxe4 20.Bxe4 Re8 21.Rf1 Nc8 22.Bf3 Nb6
23.b3 h5 24.Re1 Rxe1+ 25.Qxe1 Nd7 26.Qe6+ Kh7 27.h4 Nc5 28.Qe3 a5 29.Kh2 Qe5+
30.Qxe5 dxe5 31.g4 hxg4 32.Bxg4 Kh6 33.Bd1 g5 34.Kh3 gxh4 35.Kxh4 Kg6 36.Bc2+ Kf6
37.Kg4 b6 38.Kf3 Na6 39.Ke3 Ke7 40.a3 Nc5 41.Kd2 Kd6 42.Kc3 Nd7 43.Be4 b5
44.cxb5 Nb6 45.b4 a4 46.Kd3 Nxd5 47.Kc4 Nb6+ 48.Kd3 Ke6 49.Bh7 Kf6 50.Be4 Kg5
51.Bc6 Kf4 52.Bb7 Kf5 53.Be4+ Kg5 54.Bc6 Kf4 55.Bb7 Nd7 56.Bc6 Nb6  1/2-1/2